书目信息 |
| 题名: |
无机及分析化学实验
|
|
| 作者: | 曾秀琼 主编 | |
| 分册: | ||
| 出版信息: | 北京 科学出版社 2025.01 |
|
| 页数: | 162页 | |
| 开本: | 26cm | |
| 丛书名: | ||
| 单 册: | ||
| 中图分类: | O61-33 , O652.1 | |
| 科图分类: | ||
| 主题词: | 无机化学--wu ji hua xue--化学实验 , 分析化学--fen xi hua xue--化学实验 | |
| 电子资源: | ||
| ISBN: | 978-7-03-080234-7 | |
| 000 | 01223nam0 2200301 450 | |
| 001 | 90527 | |
| 005 | 20250815201655.95 | |
| 010 | @a978-7-03-080234-7@dCNY49.00 | |
| 099 | @aCAL 012025014343 | |
| 100 | @a20250306d2025 em y0chiy50 ea | |
| 101 | 0 | @achi@aeng |
| 102 | @aCN@b110000 | |
| 105 | @aak z 000yy | |
| 106 | @ar | |
| 200 | 1 | @a无机及分析化学实验@Awu ji ji fen xi hua xue shi yan@d= Inorganic and analytical chemistry laboratory manual@f主编曾秀琼@zeng |
| 210 | @a北京@c科学出版社@d2025.01 | |
| 215 | @a162页@c图@d26cm | |
| 300 | @a双语 | |
| 314 | @a曾秀琼, 女, 工学博士, 浙江大学化学系副教授。主要研究方向, 1、无机化合物氧化-还原反应机理研究。2、生物无机化学。3、羟基金属柱撑蒙脱石的制备及废水处理。4、实验教学研究。已在国内外核心刊物发表学术论文十多篇。 | |
| 330 | @a本书共5章, 包括绪论、基本操作和常用仪器、基础无机化学实验、基础分析化学实验、综合设计实验。 | |
| 510 | 1 | @aInorganic and analytical chemistry laboratory manual@zeng |
| 606 | 0 | @a无机化学@Awu ji hua xue@x化学实验 |
| 606 | 0 | @a分析化学@Afen xi hua xue@x化学实验 |
| 690 | @aO61-33@v5 | |
| 690 | @aO652.1@v5 | |
| 701 | 0 | @a曾秀琼@Azeng xiu qiong@4主编 |
| 801 | 0 | @aCN@c20250909 |
| 905 | @a河南城建学院图书馆@dO61-33@eZ033@f1 | |
| 无机及分析化学实验= Inorganic and analytical chemistry laboratory manual/主编曾秀琼.-北京:科学出版社,2025.01 |
| 162页:图;26cm |
| 双语 |
| ISBN 978-7-03-080234-7:CNY49.00 |
| 本书共5章, 包括绪论、基本操作和常用仪器、基础无机化学实验、基础分析化学实验、综合设计实验。 |
| ● |
| 相关链接 |
|
|
|
正题名:无机及分析化学实验
索取号:O61-33/Z033
 
预约/预借
| 序号 | 登录号 | 条形码 | 馆藏地/架位号 | 状态 | 备注 |
| 1 | 1624489 | 216244892 | 自科库401/401自科库 92排1列2层/ [索取号:O61-33/Z033] | 在馆 |